000 00352nam a2200145Ia 4500
008 230917s9999||||xx |||||||||||||| ||und||
040 _e23460
_aMAIN
041 _aEnglish
082 _a152 R561F
100 _aUttal, William R
245 0 _aFoundation of psychobiology
260 _aNew York
_bMacmillan
_c1983
300 _axiv, 394 p.
942 _cBK
999 _c40310
_d40310